Statistics for Chase Atlantic - Meddle About lyrics

Click here to take the quiz!

General Stats

  • This quiz has been taken 91 times
  • The average score is 223 of 291

Answer Stats

HintAnswer% Correct
a
98%
I
98%
me
97%
it
95%
you
95%
You
95%
get
93%
and
92%
No
92%
my
90%
now
90%
Now
90%
on
90%
we
90%
We
90%
come
89%
Come
89%
to
89%
down
85%
figure
85%
got
85%
just
85%
so
84%
So
84%
about
82%
knees
82%
Meddle
82%
meddle
82%
of
82%
other
82%
day
80%
out
80%
the
80%
back
79%
Back
79%
It's
79%
it's
79%
way
79%
each
77%
harder
77%
met
77%
some
77%
could
75%
house
75%
speech
75%
getting
74%
only
74%
take
74%
type
74%
But
72%
feeling
72%
Baby
70%
Baby,
70%
already
69%
not
69%
show
69%
breathe
67%
what
67%
around
66%
turn
66%
Cause
62%
doing
62%
if
61%
you're
61%
I'd
59%
undress
48%
wanna
46%
can
44%
see
43%
confess
41%
Girl
38%
Well
38%
LyricsWell,
38%
whoa
38%
hear
36%
scream
36%
Tell
36%
thinking
23%
Oh-oh-oh
8%
Whoa-oh-oh-oh
8%
(hey)
5%
Woah-oh-oh-oh-oh
5%
Instrumental
3%
Whoa-oh-oh-oh-oh
3%
woah-oh-oh-oh-ooh
3%
Intrumental
2%
whoa-oh-oh-oh-ooh
2%

Score Distribution

Percentile by Number Answered

Percent of People with Each Score

Your Score History

You have not taken this quiz